Didáctica de las matemáticas para la educación preescolar (Registro nro. 29887)

Detalles MARC
000 -CABECERA
Longitud fija campo de control 00967nam a2200217 a 4500
003 - • IDENTIFICADOR DELl NÚMERO DE CONTROL
Identificador del número de control CO-ViMGA
008 - • CÓDIGOS DE INFORMACIÓN DE LONGITUD FIJA
Códigos de información de longitud fija 141112s2004 ck r 000 u spa d
020 ## - • NÚMERO INTERNACIONAL NORMALIZADO PARA LIBROS
Número Internacional Normalizado para Libros (ISBN) 8420550272
040 ## - FUENTE DE LA CATALOGACIÓN
Centro catalogador de origen CO-ViMGA
Lengua de catalogación spa
Centro transcriptor CO-ViMGA
082 04 - • NÚMERO DE LA CLASIFICACIÓN DECIMAL DEWEY
Número de clasificación (R) 372.7 C415d
100 1# - • PUNTO DE ACCESO PRINCIPAL-NOMBRE DE PERSONA
Nombre de persona Chamorro, María del carmen
245 10 - • TITULO PROPIAMENTE DICHO
Título Didáctica de las matemáticas para la educación preescolar
300 ## - • DESCRIPCIÓN FÍSICA
Extensión 354
505 ## - • NOTA DE CONTENIDO CON FORMATO
Nota de contenido con formato Desarrollo del pensamiento simbólico en el niño 63 - - La construcción del número natural 141 - - Aritmética informal 221 - - La construcción de magnitudes lineales en educación 315 - - hacia la idea de problema en educación 347
590 ## - NOTAS LOCALES
Nota local Forma de adquisición : Compra fact. 0857 - - Precio : 65000 - - Proveedor : Temas y libros - - Fecha de adquisición : Mayo 2007
650 14 - • PUNTO DE ACCESO ADICIONAL DE MATERIA - TÉRMINO DE MATERIA
Término de materia o nombre geográfico como elemento inicial DIDACTICA DE LA MATEMATICA
650 14 - • PUNTO DE ACCESO ADICIONAL DE MATERIA - TÉRMINO DE MATERIA
Término de materia o nombre geográfico como elemento inicial MATEMATICA - ENSEÑANZA PRIMARIA
942 ## - ENTRADA DE ELEMENTOS AGREGADOS (KOHA)
Fuente de clasificaión o esquema Dewey Decimal Classification
Koha [por defecto] tipo de item LIbro
Existencias
Perdido Fuente de clasificación o esquema Estado Físico No para préstamo Forma de adquisición Localización permanente Localización actual Fecha adquisición Serie de enumeración / cronolog&íacute;a Préstamos totales Signatura completa Código de barras Fecha última consulta Número de copia Fecha del precio de reemplazo Tipo de item de Koha
  Dewey Decimal Classification     Sala General Segundo Piso Biblioteca Pública Germán Arciniegas - Villavicencio Biblioteca Pública Germán Arciniegas - Villavicencio 12/04/2015 Volumen. 1 | 11/jun/2009   372.7 C415d 21259 12/04/2015 Ej. 1 12/04/2015 LIbro









Instituto Departamental de Cultura del Meta - Red Departamental de Bibliotecas Públicas del Meta.